Statistics for Capitals in Europe

Click here to take the quiz!

General Stats

  • This quiz has been taken 43 times
  • The average score is 11 of 14

Answer Stats

HintAnswer% Correct
GermanyBerlin
100%
FranceParis
100%
NetherlandsAmsterdam
96%
RussiaMoscow
92%
NorwayOslo
92%
SwedenStockholm
92%
BelgiumBrussels
88%
FinlandHelsinki
88%
PolandWarsaw
79%
EstoniaTallin
67%
LatviaRiga
63%
AlbaniaTirana
63%
LithuaniaVilnius
58%
CroatiaZagreb
58%

Score Distribution

Percentile by Number Answered

Percent of People with Each Score

Your Score History

You have not taken this quiz